|
|
|
|
| LEADER |
01450nam a2200373 a 4500 |
| 001 |
EBC3019525 |
| 003 |
MiAaPQ |
| 005 |
20200520144314.0 |
| 006 |
m o d | |
| 007 |
cr cn||||||||| |
| 008 |
090723s2010 nyua sb 001 0 eng d |
| 010 |
|
|
|z 2009030346
|
| 020 |
|
|
|z 9781606929247 (hardcover)
|
| 020 |
|
|
|a 9781613242742 (electronic bk.)
|
| 035 |
|
|
|a (MiAaPQ)EBC3019525
|
| 035 |
|
|
|a (Au-PeEL)EBL3019525
|
| 035 |
|
|
|a (CaPaEBR)ebr10671090
|
| 035 |
|
|
|a (OCoLC)730517932
|
| 040 |
|
|
|a MiAaPQ
|c MiAaPQ
|d MiAaPQ
|
| 050 |
|
4 |
|a HC79.C63
|b C667 2010
|
| 082 |
0 |
4 |
|a 381.3/4
|2 22
|
| 245 |
0 |
0 |
|a Consumer protection in an age of technological transformation
|h [electronic resource] /
|c Eric S. Marlin and Casey P. Olinger, editors.
|
| 260 |
|
|
|a New York :
|b Nova Science Publishers,
|c c2010.
|
| 300 |
|
|
|a x, 118 p. :
|b ill.
|
| 490 |
1 |
|
|a Advances in communication and media research series
|
| 504 |
|
|
|a Includes bibliographical references and index.
|
| 533 |
|
|
|a Electronic reproduction. Ann Arbor, MI : ProQuest, 2015. Available via World Wide Web. Access may be limited to ProQuest affiliated libraries.
|
| 650 |
|
0 |
|a Consumer protection.
|
| 655 |
|
4 |
|a Electronic books.
|
| 700 |
1 |
|
|a Marlin, Eric S.
|
| 700 |
1 |
|
|a Olinger, Casey P.
|
| 710 |
2 |
|
|a ProQuest (Firm)
|
| 830 |
|
0 |
|a Advances in communication and media research series.
|
| 856 |
4 |
0 |
|u https://ebookcentral.proquest.com/lib/matrademy/detail.action?docID=3019525
|z Click to View
|